|
|
|
|
| LEADER |
01223nam a2200289 a 4500 |
| 001 |
25933024 |
| 008 |
111208s1965 nyua 001 0 eng d |
| 020 |
|
|
|a 007060231X
|
| 035 |
|
|
|a 0426/7746
|
| 040 |
|
|
|a OKE
|c OKE
|d EQF
|d BD-DhAAL
|
| 049 |
|
|
|a EQFA
|
| 082 |
|
|
|a 515.723
|
| 100 |
1 |
|
|a Spiegel, Murray R.
|
| 245 |
1 |
0 |
|a Schaum's outline of theory and problems of Laplace transforms /
|c Murray R. Spiegel.
|
| 260 |
|
|
|a New York :
|b McGraw-Hill,
|c c1965.
|
| 300 |
|
|
|a 261 p. :
|b ill. ;
|c 28 cm.
|
| 490 |
0 |
|
|a Schaum's outline series.
|
| 500 |
|
|
|a Includes index.
|
| 541 |
|
|
|e 00023905
|
| 650 |
|
0 |
|a Laplace transformation.
|
| 740 |
0 |
1 |
|a Theory and problems of Laplace transforms.
|
| 740 |
0 |
1 |
|a Laplace transforms.
|
| 852 |
1 |
|
|a Ayesha Abed Library
|c General shelf.
|
| 942 |
0 |
0 |
|0 2
|
| 999 |
|
|
|c 11535
|d 11535
|
| 952 |
|
|
|0 0
|1 0
|2 ddc
|4 0
|6 515_723000000000000_SPI
|7 0
|9 18777
|a BRACUL
|b BRACUL
|c GEN
|d 2011-12-01
|e Essence Science Publications
|g 1615.00
|l 33
|m 277
|o 515.723 SPI
|p 3010023905
|r 2025-10-30
|s 2025-07-16
|t 1
|w 2011-12-07
|y BK
|
| 952 |
|
|
|0 0
|1 0
|2 ddc
|4 0
|6 515_723000000000000_SPI
|7 0
|9 18778
|a BRACUL
|b BRACUL
|c GEN
|d 2011-12-01
|e Essence Science Publications
|g 1615.00
|l 31
|m 221
|o 515.723 SPI
|p 3010023906
|r 2025-11-03
|s 2024-11-04
|t 2
|w 2011-12-07
|y BK
|